| 000 | 01300nam a2200325 a 4500 | ||
|---|---|---|---|
| 001 | ebr5003885 | ||
| 003 | CaPaEBR | ||
| 006 | m u | ||
| 007 | cr cn||||||||| | ||
| 008 | 940419s1994 ctua sb 001 0 eng | ||
| 010 | _z 94016993 | ||
| 020 | _z089930897X (alk. paper) | ||
| 040 |
_aCaPaEBR _cCaPaEBR |
||
| 035 | _a(OCoLC)228040010 | ||
| 050 | 1 | 4 |
_aHF5549.5.E43 _bA37 1994eb |
| 082 | 0 | 4 |
_a158.7 _220 |
| 100 | 1 | _aAllcorn, Seth. | |
| 245 | 1 | 0 |
_aAnger in the workplace _h[electronic resource] : _bunderstanding the causes of aggression and violence / _cSeth Allcorn ; foreword by Michael Diamond. |
| 246 | 1 | _aAnger in the work place | |
| 260 |
_aWestport, Conn. : _bQuorum Books, _c1994. |
||
| 300 |
_axviii, 173 p. : _bill. |
||
| 504 | _aIncludes bibliographical references (p. [163]-167) and index. | ||
| 533 |
_aElectronic reproduction. _bPalo Alto, Calif. : _cebrary, _d2013. _nAvailable via World Wide Web. _nAccess may be limited to ebrary affiliated libraries. |
||
| 650 | 0 | _aViolence in the workplace. | |
| 650 | 0 | _aAnger in the workplace. | |
| 650 | 0 | _aAggressiveness. | |
| 655 | 7 |
_aElectronic books. _2local |
|
| 710 | 2 | _aebrary, Inc. | |
| 856 | 4 | 0 |
_uhttp://site.ebrary.com/lib/rucke/Doc?id=5003885 _zAn electronic book accessible through the World Wide Web; click to view |
| 999 |
_c650 _d650 |
||